[Event "Paracin Open 2020"]
[Site "Paracin"]
[Date "2020.07.09"]
[Round "8.2"]
[White "Kosic, Dragan"]
[Black "Mendonca, Leon Luke"]
[Result "1/2-1/2"]
[WhiteElo "2429"]
[BlackElo "2470"]
[Annotator "TA"]
[PlyCount "147"]
[EventDate "2020.07.03"]
[EventType "swiss"]
[EventCountry "SRB"]
[SourceTitle "playchess.com"]
[Source "ChessBase"]
[SourceQuality "1"]

{[%evp 12,147,0,0,7,-3,14,-27,-19,-31,9,7,12,9,16,10,9,15,10,25,26,13,14,14,15,0,0,0,27,29,45,57,48,63,60,38,49,37,81,77,85,62,80,77,87,66,87,93,112,91,96,103,94,102,110,106,106,71,129,93,132,122,133,98,116,79,78,12,50,20,117,74,80,67,195,196,187,201,201,187,209,205,195,159,357,186,210,198,166,66,82,10,12,29,81,8,24,0,4,0,0,0,0,0,0,0,0,0,46,0,0,0,0,0,0,0,0,0,0,0,0,0,0,0,0,0,0,0,0,0,0,0,0,0,0,0,0,0]} 1. d4 Nf6 2. Nf3 b6 3. c4 e6 4. Nc3 Bb4 5. Bg5 Bb7 6. Nd2 h6 7. Bh4 Be7 {E13: Queen's Indian/Nimzo-Indian hybrid: 4 Nc3 Bb7 5 Bg5 h6 6 Bh4 Bb4.} 8. e3 c5 9. Nf3 cxd4 {Black has an edge.} 10. Nxd4 {[#]} Nc6 $146 ({Predecessor:} 10... O-O 11. Ndb5 d5 12. Bg3 a6 13. cxd5 Nxd5 14. Nxd5 exd5 15. Nc3 Bf6 16. Be2 d4 17. exd4 Bxg2 {1-0 (42) Barnaure,V (2454)-Carron,J (2314) Istanbul 2005}) 11. Ndb5 d5 12. Bxf6 Bxf6 13. cxd5 exd5 14. Qxd5 O-O 15. O-O-O Qe7 {White must now prevent ...Rfd8.} 16. Qd7 Rfd8 17. Qxe7 Rxd1+ 18. Kxd1 Nxe7 19. Kc2 Nd5 20. Rg1 a6 21. Nd4 Rc8 22. Be2 b5 {...Bxd4 is the strong threat.} 23. Kd2 Nb6 24. Bd3 Nc4+ 25. Bxc4 Rxc4 26. Nce2 Kf8 27. f3 g6 28. Kd3 Ke7 29. e4 Kd6 30. Rd1 Bd8 31. Rc1 Rxc1 32. Nxc1 $16 {[%mdl 4096] Endgame KBB-KNN} Bb6 33. Nce2 h5 34. g3 Bc5 (34... b4 $142) 35. a3 Bb6 36. b4 Ba7 37. Nc1 Bb6 38. Ncb3 Bc8 39. h4 (39. f4 $16) 39... Bh3 40. Ke3 Bf1 (40... Be6 $11 41. Na5 Bc8) 41. Kf4 Bc4 42. g4 Bd8 (42... Bxb3 $1 $14 43. Nxb3 Bd8) 43. gxh5 $1 $18 gxh5 {[#]} 44. Nc5 $1 {[%cal Rc5b7]} Bf6 45. Nf5+ Kc6 46. e5 ({Stronger than} 46. Nxa6 Bb2 $11) 46... Bd8 47. Nxa6 f6 $2 {[#]} (47... Bd3 $16 48. Nd4+ Kd5) 48. Nc5 (48. e6 $142 $1 {Threatens to win with e7.} Bxe6 49. Nd4+ Kd5 50. Nxe6 {[%mdl 64] Overworked Piece} (50. Nxb5 Bd7 $16) 50... Kxe6 51. Nc5+ Kd5 52. Kf5) 48... fxe5+ 49. Kxe5 Bc7+ 50. Kf6 (50. Kd4 $18) 50... Bf4 $14 51. a4 ({White should play} 51. Ne6 $16 Bc1 52. Ned4+ Kd5 53. Nc2 Bb2+ 54. Kg5) 51... bxa4 $11 52. Nxa4 {Strongly threatening Nc3.} Kb5 (52... Bd2 $11 {remains equal.}) 53. Nc5 ({Better is} 53. Nb2 $16 Bf1 54. Nd1) 53... Kxb4 54. Ne6 (54. Ne4 {is more complex.} Be2 55. Nd4 Bd3 56. Ne6 Be3 57. Kg6) 54... Bd2 55. Nfg7 {Hoping for f4.} Be2 56. f4 {aiming for Kg5.} Kc4 57. Kg5 Kd5 58. Nf8 Ke4 59. Ng6 Bg4 60. Nxh5 (60. Ne8 {seems wilder.} Kd5 61. Ne5 Bd1 62. Nd7 Ke6 63. Nc5+) 60... Bxh5 {The position is equal.} 61. Kxh5 $14 {KB-KN} Kf5 62. Kh6 Kg4 63. h5 Be3 64. Ne5+ Kxf4 65. Nc4 Bc1 $1 66. Kg6 {White threatens h6 and mate.} Kg4 (66... Ke4 {is interesting.}) 67. Ne5+ Kh4 68. Nd3 Be3 69. Nb4 Bc1 70. Nd5 Kg4 71. Ne7 Bd2 72. Nf5 Bc1 73. h6 Bxh6 $1 74. Nxh6+ {Blacks defense is rewarded with a draw. Accuracy: White = 71%, Black = 76%.} 1/2-1/2

[Event "Paracin Open 2020"]
[Site "Paracin"]
[Date "2020.07.09"]
[Round "8.3"]
[White "Ivanovic, Marko"]
[Black "Todorovic, Nenad I"]
[Result "1-0"]
[WhiteElo "2267"]
[BlackElo "2295"]
[Annotator "ChessBase"]
[PlyCount "57"]
[EventDate "2020.07.03"]
[EventType "swiss"]
[EventCountry "SRB"]
[SourceTitle "playchess.com"]
[Source "ChessBase"]
[SourceQuality "1"]
[TimeControl "5400+30"]

1. d4 {[%emt 0:00:00]} Nf6 {[%emt 0:00:21]} 2. Nf3 {[%emt 0:00:09]} e6 {[%emt 0:00:05]} 3. Bg5 {[%emt 0:00:06]} c5 {[%emt 0:00:50]} 4. e3 {[%emt 0:00:08]} Be7 {[%emt 0:07:43]} 5. Nbd2 {[%emt 0:00:23]} cxd4 {[%emt 0:01:45]} 6. exd4 {[%emt 0:00:11]} O-O {[%emt 0:01:44]} 7. c3 {[%emt 0:00:42]} b6 {[%emt 0:00:35]} 8. Bd3 {[%emt 0:00:11]} Bb7 {[%emt 0:00:10]} 9. Qe2 {[%emt 0:01:16]} d6 {[%emt 0:02:13]} 10. Bxf6 {[%emt 0:00:06]} Bxf6 {[%emt 0:00:21]} 11. h4 {[%emt 0:00:04]} g6 {[%emt 0:41:28]} 12. h5 {[%emt 0:03:38]} Nd7 {[%emt 0:15:28]} 13. hxg6 {[%emt 0:01:30]} hxg6 {[%emt 0:00:10]} 14. O-O-O {[%emt 0:07:39]} e5 {[%emt 0:01:17]} 15. dxe5 {[%emt 0:10:25]} Nxe5 {[%emt 0:01:40]} 16. Be4 {[%emt 0:02:11]} Nxf3 {[%emt 0:07:47]} 17. Qxf3 {[%emt 0:03:24]} d5 {[%emt 0:06:13]} 18. Qh3 {[%emt 0:00:15]} Re8 {[%emt 0:00:39]} 19. Bxg6 {[%emt 0:00:05]} fxg6 {[%emt 0:00:26]} 20. Qh7+ {[%emt 0:00:04]} Kf8 {[%emt 0:00:04]} 21. Qxb7 {[%emt 0:00:04]} Re7 {[%emt 0:01:36]} 22. Qc6 {[%emt 0:03:04]} Rc7 {[%emt 0:05:51]} 23. Qb5 {[%emt 0:02:02]} Qd7 {[%emt 0:01:49]} 24. Qd3 {[%emt 0:02:19]} Rac8 {[%emt 0:00:57]} 25. Kb1 {[%emt 0:01:28]} Qg4 {[%emt 0:00:46]} 26. Qxd5 {[%emt 0:03:12]} Rc5 {[%emt 0:00:30]} 27. Qf3 {[%emt 0:00:47]} Qf5+ {[%emt 0:00:30]} 28. Qxf5 {[%emt 0:00:13]} Rxf5 {[%emt 0:00:01]} 29. Ne4 {[%emt 0:00:13]} 1-0

[Event "Paracin Open 2020"]
[Site "Paracin"]
[Date "2020.07.09"]
[Round "8.4"]
[White "Damjanovic, Vuk"]
[Black "Ratkovic, Miloje"]
[Result "1/2-1/2"]
[WhiteElo "2208"]
[BlackElo "2456"]
[Annotator "TA"]
[PlyCount "94"]
[EventDate "2020.07.03"]
[EventType "swiss"]
[EventCountry "SRB"]
[SourceTitle "playchess.com"]
[Source "ChessBase"]
[SourceQuality "1"]

{[%evp 9,94,25,29,27,32,29,37,42,33,23,25,22,31,0,29,0,5,2,15,18,29,25,29,29,29,29,25,24,30,25,22,23,30,18,37,37,37,37,37,42,55,52,48,25,25,28,35,6,6,6,6,2,6,2,2,2,2,0,10,10,10,10,16,0,0,0,0,0,0,0,0,0,0,0,0,0,0,-13,-13,-30,-13,-30,-30,-30,-13,-30,-30]} 1. d4 d5 2. Bf4 Bf5 3. e3 e6 4. c4 Nc6 5. Nc3 Nf6 6. c5 {D00: 1 d4 d5: Unusual lines.} a6 7. Nf3 Ne4 8. Nxe4 {White is slightly better.} Bxe4 {[#]} 9. Bd3 $146 ({Predecessor:} 9. Be2 Be7 10. O-O Bxf3 11. Bxf3 Bg5 12. Qd2 Bxf4 13. exf4 Qf6 14. Rfd1 O-O 15. b4 {1-0 (28) Bayram,Y (2258)-Diedericks,M Kallithea 2006}) 9... Bxd3 10. Qxd3 Be7 11. O-O Bf6 12. Ne5 Bxe5 13. Bxe5 O-O 14. Bg3 a5 15. Qb5 Ra7 16. h3 Qd7 17. Rfe1 Rfa8 18. Qa4 h6 19. Rad1 Rd8 20. a3 Ra6 21. Rd3 Na7 22. Qxd7 Rxd7 23. Rb3 b5 24. cxb6 Rxb6 25. Rxb6 cxb6 $14 {[%mdl 4096] Endgame KRB-KRN} 26. a4 Kf8 27. Rc1 Rb7 28. Rc7 Rxc7 29. Bxc7 $11 {KB-KN} Nc8 30. Kf1 Ke8 31. Ke2 Kd7 32. Be5 f6 33. Bg3 Ne7 34. f3 Nc6 35. Be1 e5 36. Kd3 exd4 37. exd4 f5 38. Bd2 g5 39. g4 f4 40. Be1 Kc7 41. b3 Kb7 42. Bc3 Ka6 43. Bd2 b5 44. Bc3 Kb6 45. Kc2 Ne7 46. Kd3 Nc8 47. Bb2 b4 {Accuracy: White = 91%, Black = 97%.} 1/2-1/2

[Event "Paracin Open 2020"]
[Site "Paracin"]
[Date "2020.07.09"]
[Round "8.5"]
[White "Sahin, Ozgun"]
[Black "Stankovic, Milos"]
[Result "0-1"]
[WhiteElo "2220"]
[BlackElo "2454"]
[Annotator "TA"]
[PlyCount "144"]
[EventDate "2020.07.03"]
[EventType "swiss"]
[EventCountry "SRB"]
[SourceTitle "playchess.com"]
[Source "ChessBase"]
[SourceQuality "1"]

{[%evp 23,144,0,0,0,0,-21,0,0,0,0,0,0,0,0,0,0,0,-30,-11,-19,-21,-77,-66,-46,-68,-71,-63,-115,-12,-6,-11,-8,-9,-8,-8,-8,-8,-6,-8,-17,-13,-56,-8,-15,-19,-45,-47,-64,-47,-107,-100,-107,-5,-36,-50,-57,-8,-67,-68,-85,0,0,11,10,8,12,9,0,0,0,0,0,0,0,0,0,0,0,0,0,0,-8,-8,-8,-8,-8,-12,-613,-611,-613,-604,-489,-473,-399,-12,-145,-145,-584,-146,-2993,-568,-4758,-5463,-4578,-4496,-5112,-1586,-12352,-11091,-29961,-29958,-29970,-29971,-29970,-29969,-29967,-29965,-29963,-29965,-29955,-11945,-29985,-29985]} 1. e4 e6 2. d4 d5 3. Nc3 Nf6 4. e5 Nfd7 5. f4 c5 6. Nf3 Nc6 7. Be3 cxd4 8. Nxd4 Bc5 9. Qd2 O-O 10. O-O-O a6 11. h4 Nxd4 12. Bxd4 b5 13. Bxc5 {13.h5 is the modern continuation. C11: French: Classical System: 4 e5 and 4 Bg5 dxe4.} Nxc5 14. Qd4 Qe7 15. f5 {The position is equal.} exf5 16. Nxd5 Qa7 {[#]} 17. Be2 $146 ({Predecessor:} 17. Rh3 Be6 18. Rc3 Ne4 19. Qxa7 Rxa7 20. Rc7 Raa8 21. Nf4 Rfc8 22. Nxe6 fxe6 23. Rdd7 Rxc7 24. Rxc7 {0-1 (52) Kreslawski,R (2167)-Becker,M (2215) Oberhausen 2004}) 17... Be6 18. Bf3 a5 19. h5 h6 $1 20. Qf4 Rad8 21. Kb1 b4 22. Ne3 {[#]} (22. Rhf1 $11) 22... Bxa2+ $1 $17 {[%mdl 512]} 23. Kxa2 Ne6 24. Qxf5 Qxe3 25. Bd5 (25. Kb1 $15) 25... Nd4 (25... a4 $17 {Threatens to win with ...b3+!} 26. Rd3 (26. Bxe6 b3+ 27. Ka1 fxe6 $17) 26... b3+ $1 {[%mdl 576] X-Ray Attack} 27. cxb3 axb3+ 28. Rxb3 Qd2 29. Bxe6 fxe6 30. Qxe6+ Kh8) 26. Qe4 $11 Qxe4 27. Bxe4 Rfe8 28. Rhe1 Kf8 29. c3 bxc3 30. bxc3 Ne6 31. Bf3 Rc8 32. Kb3 Nc5+ 33. Kc2 Na4 34. Rd3 Rc5 35. Kb3 Nb6 36. Rd6 (36. Kc2 $15) 36... Rb8 {Hoping for ...Nd5+.} 37. Kc2 {Black must now prevent Rb1.} Na4 ({Black should play} 37... Nc4 $1 $17 38. Rc6 Rb2+ 39. Kc1 Rbb5 40. Rxc5 Rxc5) 38. Re3 Rbc8 {[%cal Ra4c3]} 39. Rdd3 R8c7 40. Kb3 (40. Bd5 $11) 40... Nb6 $15 41. e6 {[#] Threatening mate with e7+!} fxe6 ({Black should try} 41... f6 $1 $17 42. Rd8+ Ke7) 42. Rxe6 $11 Rb5+ 43. Kc2 Kf7 $132 {[%mdl 2048] Black puts up resistance} 44. Red6 a4 45. Bd5+ Nxd5 46. R3xd5 Rxd5 47. Rxd5 {[%mdl 4096] Endgame KR-KR} Rc4 48. Rd7+ Kf8 49. Ra7 Rg4 50. Kd1 Rxg2 51. Rxa4 Rg5 52. Ra8+ Kf7 53. Ra7+ Kg8 54. Ra8+ Kh7 55. Rc8 $2 {[%mdl 8192]} (55. c4 $11) 55... Rxh5 $19 56. Ke2 Rf5 57. c4 {[#]} h5 $1 {[%cal Rh5h4]} 58. c5 Kg6 $2 (58... h4 $19 {Strongly threatening ...h3.} 59. c6 Rc5) 59. c6 (59. Kd3 $11 {keeps the balance.}) 59... Rc5 $17 60. Kf2 $2 {[%mdl 8192]} (60. Ke3 $17 {is tougher.}) 60... Kh6 $2 (60... Kf5 $19 {has better winning chances. ...h4 is the strong threat.} 61. Rf8+ Kg4) 61. Kg3 $2 {[%mdl 8192]} (61. c7 $17 Kh7 62. Ke3) 61... Rc4 (61... Kg5 $142 62. Kf3 h4) 62. Kh3 Rc3+ 63. Kg2 Kg5 64. Kf2 Kg4 (64... h4 $142 65. Rg8 g6) 65. Rg8 g5 66. Rg6 h4 67. Kg2 Rc2+ 68. Kg1 Kf4 69. Rd6 g4 70. Rd4+ Kf3 71. Rd3+ Ke4 72. Rd6 h3 {Accuracy: White = 51%, Black = 74%.} 0-1

[Event "Paracin Open 2020"]
[Site "Paracin"]
[Date "2020.07.09"]
[Round "8.6"]
[White "Mitev, Valentin"]
[Black "Sredojevic, Ivan"]
[Result "0-1"]
[WhiteElo "2240"]
[BlackElo "2239"]
[Annotator "ChessBase"]
[PlyCount "92"]
[EventDate "2020.07.03"]
[EventType "swiss"]
[EventCountry "SRB"]
[SourceTitle "playchess.com"]
[Source "ChessBase"]
[SourceQuality "1"]
[TimeControl "5400+30"]

1. d4 d6 2. c4 Nf6 3. Nc3 g6 4. e4 Bg7 5. h3 O-O 6. Be3 e5 7. d5 a5 8. g4 Na6 9. f3 Nd7 10. h4 Bf6 11. g5 Be7 12. Qd2 h5 13. Nh3 Ndc5 14. Nf2 Nb4 15. Bh3 Bxh3 16. Rxh3 Qd7 17. Rg3 Kh7 18. Ke2 Nba6 19. Rag1 a4 20. f4 exf4 21. Bxf4 a3 22. b3 Rfe8 23. Nb5 Bf8 24. Re3 Bg7 25. Kd1 Qe7 26. Rge1 Nd7 27. Nd3 Ne5 28. Nxe5 Bxe5 29. Qh2 Qd7 30. Rf1 Bg7 31. Qg3 Nb4 32. Nxc7 Qxc7 33. Bxd6 Qb6 34. c5 Qb5 35. Rxf7 Kg8 36. Qf4 Bd4 37. Rf6 Bxf6 38. gxf6 Kf7 39. Be7 Rad8 40. Qf3 Rd7 41. Kc1 Rexe7 42. fxe7+ Kxe7 43. d6+ Ke8 44. Kd2 Qxc5 45. e5 Qc2+ 46. Ke1 Rf7 0-1

[Event "Paracin Open 2020"]
[Site "Paracin"]
[Date "2020.07.09"]
[Round "8.7"]
[White "Cabarkapa, Novak"]
[Black "Van Dael, Siem"]
[Result "1/2-1/2"]
[WhiteElo "2459"]
[BlackElo "2293"]
[Annotator "TA"]
[PlyCount "40"]
[EventDate "2020.07.03"]
[EventType "swiss"]
[EventCountry "SRB"]
[SourceTitle "playchess.com"]
[Source "ChessBase"]
[SourceQuality "1"]

{[%evp 11,40,10,16,7,19,-4,24,0,0,-5,0,-22,-2,-11,-12,-28,-25,-37,-37,-25,0,-88,-83,-68,-79,-100,-107,-96,-93,-56,0]} 1. e4 e5 2. Nf3 Nc6 3. Bc4 Nf6 4. d3 Bc5 5. c3 d6 6. Bb3 a6 7. h3 {C54: Giuoco Piano: 4 c3 Nf6, main lines with 5 d4 and 5 d3.} Ba7 8. Qe2 Be6 9. Bc2 {White has an edge.} h6 {[#]} 10. Be3 $146 ({Predecessor:} 10. Nbd2 d5 11. g4 Qd7 12. Nf1 O-O-O 13. Ng3 g6 14. Bd2 Ng8 15. O-O-O Nge7 16. Kb1 {0-1 (34) Onischuk,A (2657)-Ibragimov,I (2554) Koszalin 1999}) 10... Bxe3 11. Qxe3 Ne7 {[%cal Bc6e7,Be7g6,Bg6e5,Be5c4][%mdl 32]} 12. d4 Ng6 13. g3 O-O 14. Nbd2 Re8 15. dxe5 Nxe5 16. Nd4 (16. O-O-O $11) 16... Nc4 $1 $17 {[%cal Rc4e3]} 17. Nxc4 Bxc4 18. f3 {[#]} d5 $1 19. O-O-O dxe4 ({Of course not} 19... Bxa2 $6 20. Nf5 $11) 20. fxe4 {[#]} Qe7 {Accuracy: White = 91%, Black = 85%.} ({Better is} 20... Nxe4 $1 $15 {[%mdl 512]} 21. Nf5 (21. Bxe4 Bd5 $17) 21... Qg5 22. Qxg5 hxg5) 1/2-1/2

[Event "Paracin Open 2020"]
[Site "Paracin"]
[Date "2020.07.09"]
[Round "8.9"]
[White "Aleksic, Neven"]
[Black "Radovanovic, Nikola"]
[Result "1/2-1/2"]
[WhiteElo "2169"]
[BlackElo "2389"]
[Annotator "TA"]
[PlyCount "63"]
[EventDate "2020.07.03"]
[EventType "swiss"]
[EventCountry "SRB"]
[SourceTitle "playchess.com"]
[Source "ChessBase"]
[SourceQuality "1"]

{[%evp 9,63,0,0,0,0,0,0,0,0,0,0,-5,44,47,50,18,20,18,45,37,21,13,28,0,33,4,34,37,95,105,118,113,129,117,158,150,158,144,129,130,138,133,191,162,179,191,170,59,49,0,0,0,0,0,0,0]} 1. d4 d6 2. c4 e5 3. Nc3 exd4 4. Qxd4 Nc6 5. Qd2 Nf6 6. e3 {A21: English Opening: 1...e5 2 Nc3.} a5 {[%cal Ba7a5,Ba5a4][%mdl 32]} 7. Nf3 a4 8. Be2 g6 {[#]} 9. O-O $146 ({Predecessor:} 9. Bd1 a3 10. bxa3 Bg7 11. Bb2 O-O 12. Be2 Bf5 13. O-O Ne4 14. Nxe4 Bxe4 15. Bxg7 Kxg7 {1-0 (78) Werle,J (2554)-Kunin,V (2595) Wunsiedel 2016}) 9... Bg7 10. Nd4 Ne5 11. Qc2 a3 12. bxa3 c6 13. Rd1 Qe7 14. a4 O-O 15. Ba3 Rd8 16. Rd2 Bg4 17. Bf1 c5 18. Ndb5 Nc6 ({Black should play} 18... Bf5 $14 19. e4 Be6) 19. Re1 Rd7 20. h3 Bf5 21. Qd1 $36 {[%cal Rb5d6][%mdl 2048] White has strong initiative.} Ne8 22. Nd5 Qd8 23. Be2 h5 24. Bb2 Bxb2 25. Rxb2 Ra6 (25... Ne7 $16) 26. Rd2 Qg5 27. f4 Qg3 {[#]} 28. Kf1 (28. e4 $1 $18 {[%mdl 512]} Be6 (28... Bxe4 29. Bd3) 29. Bf1 (29. Rd3 Qh4 $18)) 28... Bxh3 $14 29. gxh3 (29. Bxh5 $5 {[%cal Rg2h3]} Be6 30. Bf3 $14) 29... Qxh3+ {The position is equal.} 30. Kg1 {And now Bf3 would win.} Qg3+ 31. Kf1 {aiming for Bxh5!} Qh3+ 32. Kg1 {Accuracy: White = 75%, Black = 76%.} 1/2-1/2

[Event "Paracin Open 2020"]
[Site "Paracin"]
[Date "2020.07.09"]
[Round "8.10"]
[White "Radeva, Viktoria"]
[Black "Stanojevic, Ilija"]
[Result "1/2-1/2"]
[WhiteElo "2327"]
[BlackElo "2220"]
[Annotator "TA"]
[PlyCount "52"]
[EventDate "2020.07.03"]
[EventType "swiss"]
[EventCountry "SRB"]
[SourceTitle "playchess.com"]
[Source "ChessBase"]
[SourceQuality "1"]

{[%evp 12,52,29,32,54,52,101,97,100,103,166,0,0,0,0,-47,-32,-62,-67,-73,-69,-70,-9,-64,-52,-61,-44,-81,-83,-73,-59,-76,-43,-100,-98,-125,-60,-56,-48,-47,-46,-86,-81]} 1. e4 e6 2. d4 d5 3. Nd2 {[%cal Bb1d2,Bd2b3,Bb3d4][%mdl 32]} Nc6 4. Ngf3 Nf6 5. e5 Nd7 6. Nb3 f6 7. Bb5 fxe5 {C04: French Tarrasch: 3...Nc6.} 8. dxe5 a6 9. Bxc6 $1 bxc6 {White is better.} 10. Nbd4 {[%mdl 64] [#] Double Attack} Nb8 {[#]} (10... Qe7 $16 {keeps fighting.}) 11. O-O $146 (11. Ng5 $18) ({Predecessor:} 11. Ng5 Qe7 12. Qg4 c5 13. Ndxe6 Nc6 14. Qa4 Qd7 15. Nxf8 Rxf8 16. e6 Qd6 17. O-O {½-½ (29) Liebscher,H (2004)-Micheel,P (1704) Berlin 2012}) 11... c5 $11 12. Ne2 Be7 13. Bf4 O-O 14. Qd2 Nc6 15. c3 Rb8 16. Bg3 Rf5 (16... a5 $15) 17. Rfe1 (17. b4 $1 $11) 17... Qf8 18. h4 Bb7 19. Nf4 Qf7 20. Nh3 h6 21. Nh2 Rf8 22. f3 (22. Rad1 $15) 22... Qg6 $17 23. Qf2 d4 ({Better is} 23... a5 $17 24. Ng4 d4) 24. Re4 $15 h5 25. Qe1 a5 {[%cal Ba6a5,Ba5a4][%mdl 32]} 26. Rd1 a4 {Accuracy: White = 62%, Black = 64%.} 1/2-1/2

[Event "Paracin Open 2020"]
[Site "Paracin"]
[Date "2020.07.09"]
[Round "8.11"]
[White "Durak, Can"]
[Black "Pasti, Aron"]
[Result "0-1"]
[WhiteElo "1847"]
[BlackElo "2325"]
[Annotator "RC"]
[PlyCount "104"]
[EventDate "2020.07.03"]
[EventType "swiss"]
[EventCountry "SRB"]
[SourceTitle "playchess.com"]
[Source "ChessBase"]
[SourceQuality "1"]
[TimeControl "5400+30"]

1. d4 {[%emt 0:00:19]} d5 {[%emt 0:00:00]} 2. c4 {[%emt 0:00:48]} e6 {[%emt 0:00:00]} 3. Nc3 {[%emt 0:01:00]} Nf6 {[%emt 0:00:00]} 4. cxd5 {[%emt 0:01:27]} exd5 {[%emt 0:00:53]} 5. Bg5 {[%emt 0:01:01]} Be7 {[%emt 0:00:04]} 6. e3 {[%emt 0:01:35]} O-O {[%emt 0:00:05]} 7. Bd3 {[%emt 0:01:26]} Re8 {[%emt 0:00:08]} 8. Qc2 {[%emt 0:01:32]} h6 {[%emt 0:00:04]} 9. Bh4 {[%emt 0:02:22]} c5 {[%emt 0:00:30]} 10. Nge2 {[%emt 0:05:02]} c4 {[%emt 0:00:47]} 11. Bf5 {[%emt 0:00:47]} Nc6 {[%emt 0:00:02]} 12. a3 {[%emt 0:01:35]} a6 {[%emt 0:08:21]} 13. O-O {[%emt 0:03:07]} Nh5 {[%emt 0:00:08]} 14. Bg3 {[%emt 0:03:24]} Nxg3 {[%emt 0:03:05]} 15. hxg3 {[%emt 0:00:36]} Bg5 {[%emt 0:03:30]} 16. Bxc8 {[%emt 0:05:50]} Rxc8 {[%emt 0:00:15]} 17. Qf5 {[%emt 0:00:07]} Ne7 {[%emt 0:01:34]} 18. Qf3 {[%emt 0:00:09]} Qd7 {[%emt 0:02:56]} 19. b3 {[%emt 0:05:06]} b5 {[%emt 0:08:50]} 20. b4 {[%emt 0:01:54]} Red8 {[%emt 0:03:05]} 21. a4 {[%emt 0:02:36]} Ra8 {[%emt 0:11:45]} 22. Rfb1 {[%emt 0:01:40]} Qb7 {[%emt 0:03:35]} 23. Ra2 {[%emt 0:03:11]} Kf8 {[%emt 0:14:50]} 24. Rba1 {[%emt 0:06:09]} bxa4 {[%emt 0:07:28]} 25. Rxa4 {[%emt 0:00:16]} Kg8 {[%emt 0:00:19]} 26. Rb1 {[%emt 0:02:13]} Rd6 {[%emt 0:12:19]} 27. Ra5 {[%emt 0:01:55]} Rf6 {[%emt 0:01:26]} 28. Nf4 {[%emt 0:03:10]} Bxf4 {[%emt 0:00:10]} 29. gxf4 {[%emt 0:00:11]} Rd6 {[%emt 0:01:40]} 30. Kh2 {[%emt 0:00:38]} Rb8 {[%emt 0:09:36]} 31. Na4 {[%emt 0:03:07]} Qc8 {[%emt 0:01:22]} 32. Qh3 {[%emt 0:02:27]} f5 {[%emt 0:00:36]} 33. Nc3 {[%emt 0:01:20]} Qd7 {[%emt 0:02:45]} 34. Qf3 {[%emt 0:00:23]} Qd8 {[%emt 0:01:21]} 35. g3 {[%emt 0:01:05]} Rxb4 {[%emt 0:00:55]} 36. Rxb4 {[%emt 0:03:54]} Qxa5 {[%emt 0:00:06]} 37. Rb7 {[%emt 0:00:05]} Qxc3 {[%emt 0:02:17]} 38. Rxe7 {[%emt 0:00:07]} Qc2 {[%emt 0:01:27]} 39. Kg2 {[%emt 0:00:23]} Kh7 {[%emt 0:00:37]} 40. Qh5 {[%emt 0:00:32]} Rg6 {[%emt 0:00:10]} 41. Re8 {[%emt 0:00:45]} Qa4 {[%emt 0:00:49]} 42. Re7 {[%emt 0:01:52]} Rf6 {[%emt 0:00:30]} 43. Rc7 {[%emt 0:01:43]} Qb5 {[%emt 0:00:32]} 44. Qf3 {[%emt 0:01:30]} Rc6 {[%emt 0:00:32]} 45. Rd7 {[%emt 0:01:06]} c3 {[%emt 0:00:10]} 46. Rxd5 {[%emt 0:00:39]} Qb1 {[%emt 0:00:28]} 47. Rd7 {[%emt 0:01:32]} Qe4 {[%emt 0:00:28]} 48. d5 {[%emt 0:00:16]} Qxf3+ {[%emt 0:00:09]} 49. Kxf3 {[%emt 0:00:06]} Rc8 {[%emt 0:00:45]} 50. d6 {[%emt 0:00:17]} c2 {[%emt 0:00:02]} 51. Rc7 {[%emt 0:00:04]} Rxc7 {[%emt 0:00:05]} 52. dxc7 {[%emt 0:00:01]} c1=Q {[%emt 0:00:11]} 0-1

[Event "Paracin Open 2020"]
[Site "Paracin"]
[Date "2020.07.09"]
[Round "8.12"]
[White "Pastar, Slaven"]
[Black "Radisavljevic, Dalibor"]
[Result "1-0"]
[WhiteElo "2323"]
[BlackElo "2214"]
[Annotator "TA"]
[PlyCount "83"]
[EventDate "2020.07.03"]
[EventType "swiss"]
[EventCountry "SRB"]
[SourceTitle "playchess.com"]
[Source "ChessBase"]
[SourceQuality "1"]

{[%evp 9,83,46,90,32,30,0,0,0,2,0,0,2,66,14,18,18,14,8,8,7,16,20,53,-28,32,37,35,20,27,26,46,45,45,49,56,43,51,52,45,33,48,51,45,39,38,18,41,29,275,249,287,252,256,183,342,422,381,410,380,416,431,416,422,425,424,423,413,412,508,503,530,545,538,537,5118,4898]} 1. d4 c5 2. d5 Nf6 3. Nf3 g6 4. c4 d6 5. Nc3 Bg7 6. Bg5 {A56: Czech Benoni.} (6. e4 $16) 6... h6 7. Bh4 g5 8. Bg3 {The position is equal.} Qa5 9. Nd2 Bf5 {[#]} 10. e3 $146 ({Predecessor:} 10. f3 Nbd7 11. e4 Bg6 12. Bf2 a6 13. Be2 O-O 14. Rc1 e6 15. a4 exd5 16. cxd5 Rab8 17. O-O Qd8 {½-½ (17) Neiman,E (2335)-Demuth,A (2423) Belfort 2012}) 10... Na6 (10... Nbd7 $11) 11. Be2 (11. Nb3 $14 Qb4 12. f3) 11... Ne4 $11 12. Ndxe4 Bxe4 13. O-O Bxc3 14. bxc3 Qxc3 15. Qa4+ Kd8 16. Rac1 (16. Bg4 f5 $15) ({White should play} 16. Rfc1 $1 $14 Qb4 17. Qd1) 16... Qb4 (16... Qb2 $1 $11 17. Bh5 (17. Bg4 f5 $15) 17... Rf8) 17. Qd1 $1 $14 {[%mdl 1024] White has compensation.} Qa3 18. f3 Bg6 19. e4 f6 20. Qd2 Nb4 21. Ra1 b6 22. Rfb1 Qa4 23. Bd1 Qd7 $1 24. Rb2 Ke8 25. a3 $36 {[%mdl 2048] White has good play.} Na6 26. Bc2 Kf7 27. Rf1 Kg7 28. Rb3 e5 $2 {Loses the game.} (28... Nc7 $11 {and Black is okay.}) 29. dxe6 $1 $18 Qxe6 30. Rd3 Rad8 31. Rd1 ({Stronger than} 31. Rxd6 Rxd6 32. Qxd6 Qxd6 $11) ({Not} 31. Bxd6 Nb8 $14) 31... Qxc4 $2 (31... Nc7 32. Bxd6 (32. Rxd6 Rxd6 33. Qxd6 Qxd6 $16) 32... Qf7) 32. Bb3 Qb5 {[#] Hoping for ...c4.} 33. Qc3 Qa5 34. Qxa5 bxa5 35. Rxd6 Rxd6 36. Rxd6 {[#] aiming for Rd7+.} ({Less strong is} 36. Bxd6 Bf7 $14) 36... Nb8 37. e5 Rc8 38. exf6+ Kh7 {Now ...c4 and Black clings on.} 39. f7 {White is clearly winning.} a4 40. Bc4 Rf8 41. Be5 Bxf7 42. Bd3+ {Accuracy: White = 81%, Black = 66%.} 1-0